Operating System Concepts

Salvato in:
Dettagli Bibliografici
Autori principali: Silberschatz, Abraham (Autore), Galvin, Peter Bauer (Autore)
Natura: Libro
Lingua:inglese
Pubblicazione: Reading : Addison-Wesley Publishing Company, 1994
Tags: Aggiungi Tag
Nessun Tag, puoi essere il primo ad aggiungerne!!

MARC

LEADER 00000nam a22000003a 4500
001 stu266415
005 20150617230224.2
008 130509s--------xxu-----------------eng-d
020 |a 0-201-59292-4 
040 |a STU  |b slo 
041 0 |a eng 
044 |a xxu 
100 1 |a Silberschatz, Abraham  |4 aut 
245 1 |a Operating System Concepts 
260 |a Reading :  |b Addison-Wesley Publishing Company,  |c 1994 
300 |a 780 s 
700 1 |a Galvin, Peter Bauer  |4 aut 
996 |c 9OP7605  |l I  |s A  |a 24  |w stu266415_0001